Imunidade psicológica (Registo nº 36967)

Detalhes MARC
000 -Etiqueta do registo
Valores 00903nam a2200289 4500
010 ## - Número ISBN
ISBN 9789896664886
021 ## - Número do Depósito Legal
Código do país Portugal
Número 550164/25
100 ## - Dados gerais de processamento
Dados gerais 20250905d2025 m y0pory50030103ba
101 1# - Língua de publicação
Língua Português
102 ## - País de publicação
País Portugal
200 1# - Titulo e menção de responsabilidade
Título próprio Imunidade psicológica
Informação de outro título aprenda a defender a sua mente
Primeira menção de responsabilidade Christophe Massin
Outras menções de responsabilidade trad. Ricardo Figueira
205 ## - Menção da edição
Edição 1.ª ed
210 #9 - Publicação
Local de publicação Lisboa
Nome do editor Contraponto
Data de publicação 2025
215 ## - Descrição física 
Paginação / Volumes 173, [3] p.
Dimensões 24 cm
304 ## - Nota relativa ao título
Texto de nota Tít. orig.: Savoir se défendre - L'immunité psychique
606 ## - Nome comum usado como assunto
ID Autoridade 3335
Palavra de ordem Psicologia
675 ## - CDU
Notação 159.92
Edição BN
Língua por
675 ## - CDU
Notação 159.94
Edição BN
Língua por
675 ## - CDU
Notação 316.62
Edição BN
Língua por
700 ## - Autor principal
Apelido Massin
Nome Christophe
ID Autoridade 7259
702 ## - Autor secundário
ID Autoridade 7260
Apelido Figueira
Nome Ricardo
Função Tradutor
801 #0 - Fonte de origem
País PT
Agência BN
Regras de catalogação RPC
856 41 - Localização e acesso electrónico 
URL <a href="http://rnod.bnportugal.gov.pt/ImagesBN/winlibimg.aspx?skey=&doc=2225456&img=213170&save=true">http://rnod.bnportugal.gov.pt/ImagesBN/winlibimg.aspx?skey=&doc=2225456&img=213170&save=true</a>
090 ## - Tipo de documento
Koha biblioitem number (autogenerated) 36967
990 ## - Elementos KOHA
Tipo de documento Livro
994 ## - Estado da catalogação
Situação Completo
Exemplares
Situação do levantamento Situação do extravio Biblioteca de origem Biblioteca de empréstimo Código de barras Cota Permissão de empréstimo Tipo de documento Forma de aquisição
  Completo Biblioteca Municipal de Viana Do Alentejo Biblioteca Municipal de Viana Do Alentejo 0035521 159.9 MAS Disponível Livro Compra




Powered by Koha